000 01110nam a2200253 a 4500
001 000014178
005 20200929163516.0
008 091207s1975 dr ad r 000 0 spa d
040 _aDO-SdBNP
_bspa
_cBNPHU
082 _a301.3297293
_bS471p
111 2 _aSeminario sobre problemas de población en la República Dominicana.
_d(enero 13-19 de 1975:
_cSanto Domingo, República Dominicana)
_932033
245 1 0 _aSeminario sobre problemas de población en la República Dominicana /
_cintroducción Rafael de Láncer.
260 _aSanto Domingo :
_bUASD,
_c1975.
300 _a486 p. :
_bil. ;
_c22 cm.
490 1 _aUniversidad Autónoma de Santo Domingo
_v185
490 1 _aHistoria y Sociedad
_v17
504 _aIncluye referencias bibliográficas y notas al pie de las páginas
590 _aInventariado, 2018/VM
651 4 _aRepública Dominicana
_xPoblación
_xCongresos, Conferencias, Etc.
_932034
700 1 _aLáncer, Rafael de
_932035
830 0 _aUniversidad Autónoma de Santo Domingo
_n185
_932036
830 0 _aHistoria y Sociedad
_n17
_932037
910 _aValidado. Control de calidad. MMOLINA
999 _c13779
_d13779